Hacia un reglamento tipo de código fiscal local /

Sábháilte in:
Sonraí bibleagrafaíochta
Príomhchruthaitheoir: Guerrero Sánchez, Clementina (autor)
Rannpháirtithe: González Rendón, Francisco (autor) (autor), Zarzosa Escobedo, José Antonio (presentación) (presentación)
Formáid: LEABHAR
Teanga:Spáinnis
Ábhair:
Clibeanna: Cuir clib leis
Níl clibeanna ann, Bí ar an gcéad duine le clib a chur leis an taifead seo!

MARC

LEADER 00000nam^a2200000^a^4500
001 000167964
005 20250521000000.0
009 20260310101144.543
020 |a 970-674-009-0 
037 |a Acervo ITESO - Biblioteca 
041 |a ESP 
082 |a 343. 7204  |b GUE 
100 |a Guerrero Sánchez, Clementina  |e (autor) 
245 1 0 |a Hacia un reglamento tipo de código fiscal local /  |c C. Guerrero Sánchez, F. González Rendón ; presen. de J.A. Zarzosa Escobedo. 
264 |a Guadalajara, México :  |b Instituto para el Desarrollo Técnico de las Haciendas Públicas,  |c 2000 
300 |a 301 p. 
336 |a texto  |b txt  |2 rdacontenido 
337 |a sin mediación  |b n  |2 rdamedio 
338 |a volumen  |b nc  |2 rdasoporte 
649 |a XX 
650 |a Impuestos -  |z México 
650 |a Derecho Fiscal -  |z México -  |x Leyes y Reglamentos 
650 |a Derecho Financiero -  |z México 
650 |a Derecho Administrativo -  |z México 
650 |a Derecho Público -  |z México 
700 |a González Rendón, Francisco  |e (autor) 
700 |a Zarzosa Escobedo, José Antonio  |e (presentación) 
910 |a Fondo General 
920 |a Impresos - Libros 
930 |a Colección General 
905 |a 101 
901 |a 0500104003  |b IT1  |c ACC  |u 20250521 
902 |a https://opac.biblio.iteso.mx/vufind/Record/000167964